书目信息 |
| 题名: |
旅游资源与开发
|
|
| 作者: | 肖星 , 严江平 主编 | |
| 分册: | ||
| 出版信息: | 北京 中国旅游出版社 2000.8 |
|
| 页数: | 371页 | |
| 开本: | 26cm | |
| 丛书名: | ||
| 单 册: | ||
| 中图分类: | F590.3 | |
| 科图分类: | ||
| 主题词: | 旅游资源--资源开发 | |
| 电子资源: | ||
| ISBN: | 7-5032-1754-5 | |
| 000 | 00603nam0 2200205 45 | |
| 001 | 0201250991 | |
| 005 | 20031219104052.8 | |
| 010 | @a7-5032-1754-5@dCNY38.00 | |
| 100 | @a20020125d2000 km y0chiy0120 ea | |
| 101 | 0 | @achi |
| 105 | @ab z 000yy | |
| 200 | 1 | @a旅游资源与开发@ALu You Zi Yuan Yu Kai Fa@f肖星,严江平主编@FXiao Xing,Yan Jiang Ping Zhu Bian |
| 210 | @a北京@c中国旅游出版社@d2000.8 | |
| 215 | @a371页@c附图@d26cm | |
| 606 | 0 | @a旅游资源@x资源开发 |
| 690 | @aF590.3@v4 | |
| 701 | 0 | @a肖星@4主编 |
| 701 | 0 | @a严江平@4主编 |
| 801 | @aCN@bTSTC@c20020125 | |
| 905 | @b304259-263@dF590.3@e21@f5 | |
| 旅游资源与开发/肖星,严江平主编.-北京:中国旅游出版社,2000.8 |
| 371页:附图;26cm |
| ISBN 7-5032-1754-5:CNY38.00 |
| ● |
| 相关链接 |
|
|
|
|
正题名:旅游资源与开发
索取号:F590.3/21
 
预约/预借
| 序号 | 登录号 | 条形码 | 馆藏地/架位号 | 状态 | 备注 |
| 1 | 0304259 | 203042590 | 第一借阅区/ [索取号:F590.3/21] | 在馆 | |
| 2 | 0304260 | 203042607 | 第一借阅区/ [索取号:F590.3/21] |
已借出,限还日期为2006.10.19 借出人:邢志勤 |
|
| 3 | 0304261 | 203042616 | 第一借阅区/ [索取号:F590.3/21] | 在馆 | |
| 4 | 0304262 | 203042625 | 第一借阅区/ [索取号:F590.3/21] | 在馆 | |
| 5 | 0304263 | 203042634 | 第一样本阅览室/ [索取号:F590.3/21] | 在馆 |